Developing Applications For The Cloud (Record no. 338897)

MARC details
000 -LEADER
fixed length control field 00544nam a2200169Ia 4500
008 - FIXED-LENGTH DATA ELEMENTS--GENERAL INFORMATION
fixed length control field 230718s9999 xx 000 0 und d
020 ## - INTERNATIONAL STANDARD BOOK NUMBER
International Standard Book Number 9789350041888
041 ## - LANGUAGE CODE
Language code of text/sound track or separate title eng
082 ## - DEWEY DECIMAL CLASSIFICATION NUMBER
Classification number 006.7'8
Item number BET
100 ## - MAIN ENTRY--PERSONAL NAME
Personal name Betts D.
9 (RLIN) 192916
245 ## - TITLE STATEMENT
Title Developing Applications For The Cloud
Remainder of title On The Microsoft Windows Azure Platform
260 ## - PUBLICATION, DISTRIBUTION, ETC. (IMPRINT)
Date of publication, distribution, etc. 2011
Name of publisher, distributor, etc. Dreamtech/Microsoft
300 ## - PHYSICAL DESCRIPTION
Extent 148
365 ## - TRADE PRICE
Currency code Rs.
Price amount 399.00
700 ## - ADDED ENTRY--PERSONAL NAME
Personal name Betts D.; Densmore S.; Dunn R. & Narumoto M.
9 (RLIN) 195920
906 ## - LOCAL DATA ELEMENT F, LDF (RLIN)
d O:0437122-Dec-2014B:IN 169429-Oct-2014
c COMP
b 99.75
Holdings
Withdrawn status Lost status Damaged status Not for loan Home library Current library Date acquired Vendor Budget Code Cost, normal purchase price Bill number Total Checkouts Full call number Barcode Date last seen Discount Cost, replacement price Bill Date Koha item type Original Barcode
        Cummins College of Engineering for Women Pune Cummins College of Engineering for Women Pune 22/12/2014 Pradeep Book Distributors COMP 299.25 IN 1694   006.7'8 CCEP-BK-50104 18/07/2023 99.75 399.00 29/10/2014 Books 050104